ბათუმის შოთა რუსთაველის სახელმწიფო უნივერსიტეტის ბიბლიოთეკა

კავკასიურ-ახლოაღმოსავლური კრებული II / (ბიბ.ჩანაწერი № 56203)

000 -ლიდერი
ფიქსირებული სიგრძის საკონტროლო ველი 01082nam a2200217Ia 4500
001 - საკონტროლო ნომერი
საკონტროლო ველი 23304
003 - საკონტროლო ნომრის იდენტიფიკატორი
საკონტროლო ველი GE_BSU
005 - ბოლო ოპერაციის თარიღი და დრო
საკონტროლო ველი 20251205182859.0
008 - ფიქსირებული სიგრძის მონაცემთა ელემენტები - ზოგადი ინფორმაცია
ფიქსირებული სიგრძის საკონტროლო ველი 181216s1962ge xx |||||||||||||| ||geo||
040 ## - კატალოგიზაციის წყარო
Transcribing agency GE_BSU
041 ## - ენის კოდი
Language code of text/sound track or separate title geo
080 ## - უნივერსალური ათობითი კლასიფიკაციის ინდექსი
Universal Decimal Classification number 94(479) კ-14
245 ## - ცნობა სათაურის შესახებ
Title კავკასიურ-ახლოაღმოსავლური კრებული II /
Statement of responsibility, etc სარედ. კოლ.: ნ. ბერძენიშვილი, გრ. გიორგაძე და სხვ.
264 ## - წარმოების, გამოცემის, დისტრიბუციის და სხვა ცნობები
გამოცემის, წარმოების, დისტრიბუციის... ადგილი თბილისი :
გამოცემის, წარმოების, დისტრიბუციის... სახელწოდება საქ. სსრ მეცნ. აკად. გამ-ბა,
გამოცემის, წარმოების, დისტრიბუციის... თარიღი 1962.
300 ## - ფიზიკური აღწერა
Extent 311 გვ. ;
Other physical details 22 სმ.
504 ## - BIBLIOGRAPHY, ETC. NOTE
Bibliography, etc ბიბლ.გვ.297-306
653 ## - INDEX TERM--UNCONTROLLED
Uncontrolled term კავკასიურ-ახლოაღმოსავლური კრებული II
700 ## - ADDED ENTRY--PERSONAL NAME
Personal name ბერძენიშვილი, ნ
Relator term სარედაქციო კოლეგია
9 (RLIN) 18846
700 ## - ADDED ENTRY--PERSONAL NAME
Personal name გიორგაძე, გრ
Relator term სარედაქციო კოლეგია და სხვ
9 (RLIN) 18847
942 ## - ADDED ENTRY ELEMENTS (KOHA)
Koha item type წიგნი
Source of classification or shelving scheme
ეგზემპლარები
ჩამოწერის სტატუსი დაკარგული ეგზემპლარის სტატუსი კლასიფიკაციის წყარო ან თაროზე გაწყობის სქემა დაზიანების სტატუსი არ გაიცემა მუდმივი მდებარეობა (დაცვის ადგილი) ამჟამინდელი ადგილსამყოფელი თაროზე განთავსების ადგილი შეძენის თარიღი ღირებულება, შესყიდვის ნორმალური ფასი სრული შენახვის შიფრი შტრიხკოდი ბოლო ოპერაციის თარიღი ეგზემპლარის მიმდევრობითი ნომერი (კეტერი?) ფასის ძალაში შესვლის თარიღი ეგზემპლარის სახეობა საჯარო შენიშვნა Uniform Resource Identifier
          ბათუმის შოთა რუსთაველის სახელმწიფო უნივერსიტეტის მთავარი ბიბლიოთეკა ბათუმის შოთა რუსთაველის სახელმწიფო უნივერსიტეტის მთავარი ბიბლიოთეკა წიგნსაცავი 2018-12-17 7.00 94(479) კ-14 28280 2018-12-17 28280 2018-12-17 წიგნი 7.00  
          ბათუმის შოთა რუსთაველის სახელმწიფო უნივერსიტეტის მთავარი ბიბლიოთეკა ბათუმის შოთა რუსთაველის სახელმწიფო უნივერსიტეტის მთავარი ბიბლიოთეკა წიგნსაცავი 2018-12-17 7.00 94(479) კ-14 28281 2018-12-17 28281 2018-12-17 წიგნი 7.00  
          ბათუმის შოთა რუსთაველის სახელმწიფო უნივერსიტეტის მთავარი ბიბლიოთეკა ბათუმის შოთა რუსთაველის სახელმწიფო უნივერსიტეტის მთავარი ბიბლიოთეკა წიგნსაცავი 2023-06-21 7.00 94(479) კ-14 64736 2023-06-21 64736 2023-06-21 წიგნი 7.00 ბსუ-ს საპატიო დოქტორის გურამ ლორთქიფანიძის საჩუქარი